Kier knocks Balfour off top spot (Record no. 83272)

MARC details
000 -LEADER
fixed length control field 00853cab a22002175a 4500
001 - CONTROL NUMBER
control field L153382
008 - FIXED-LENGTH DATA ELEMENTS--GENERAL INFORMATION
fixed length control field 110719e20110715xxk 000 0 eng d
035 ## - SYSTEM CONTROL NUMBER
System control number (Sirsi) u153382
041 0# - LANGUAGE CODE
Language code of text/sound track or separate title eng
100 1# - MAIN ENTRY--PERSONAL NAME
Personal name Glackin, Michael
245 00 - TITLE STATEMENT
Title Kier knocks Balfour off top spot
Remainder of title business barometer
260 ## - PUBLICATION, DISTRIBUTION, ETC.
Date of publication, distribution, etc. 2011
490 ## - SERIES STATEMENT
Series statement Building
Volume/sequential designation 276 (8687) 15 July 2011, 18-19(2)
520 ## - SUMMARY, ETC.
Summary, etc. Overview; tables of top contractors including and excluding civils for June 2011; yearly work won June 2010-July 2011; top architects, clients/promoters, and quantity surveyors June 2010 to July 2011 using information from Barbour ABI; output figures; hotel projects; construction output.
590 ## - LOCAL NOTE (RLIN)
Local note KA
651 #4 - SUBJECT ADDED ENTRY--GEOGRAPHIC NAME
Geographic name United Kingdom
Chronological subdivision
690 ## - LOCAL SUBJECT ADDED ENTRY--TOPICAL TERM (OCLC, RLIN)
Topical term or geographic name as entry element BUILT ENVIRONMENT-CONSTRUCTION MARKET
700 1# - ADDED ENTRY--PERSONAL NAME
Personal name Green, Brian
700 1# - ADDED ENTRY--PERSONAL NAME
Personal name Forrest, Kelly
942 ## - ADDED ENTRY ELEMENTS (KOHA)
Suppress in OPAC 0
Holdings
Withdrawn status Lost status Source of classification or shelving scheme Damaged status Not for loan Home library Current library Shelving location Date acquired Total Checkouts Full call number Barcode Date last seen Copy number Price effective from Koha item type
    Dewey Decimal Classification     London London Journal article 19/07/2011   L153382 153382-1001 06/08/2019 1 06/08/2019 Journal article